[Event "GER-chT U16"]
[Site "Aurich"]
[Date "2018.12.30"]
[Round "7.4"]
[White "Ruby, Noah Leonard"]
[Black "Prieb, Robert"]
[Result "0-1"]
[WhiteElo "1097"]
[BlackElo "1802"]
[PlyCount "88"]
[EventDate "2018.12.27"]
[EventType "team-swiss"]
[EventRounds "7"]
[EventCountry "GER"]
[SourceTitle "CBM 188 Extra"]
[Source "ChessBase"]
[SourceDate "2019.02.28"]
[SourceVersion "1"]
[SourceVersionDate "2019.02.28"]
[SourceQuality "1"]
[WhiteTeam "Bebenhausen"]
[BlackTeam "Bochum SG"]
[WhiteTeamCountry "GER"]
[BlackTeamCountry "GER"]

1. e4 c5 2. b3 d6 3. Bb2 e6 4. Nf3 Nf6 5. Nc3 Nc6 6. Bd3 Be7 7. 0-0 0-0 8. Re1 Ng4 9. h3 Nge5 10. Bb5 Nxf3+ 11. Qxf3 Nd4 12. Qd3 Nxb5 13. Nxb5 a6 14. Nc3 b5 15. Qg3 Bf6 16. Bc1 b4 17. a4 bxc3 18. dxc3 Bb7 19. Ba3 Qd7 20. Rad1 d5 21. e5 Be7 22. c4 Qc7 23. cxd5 Bxd5 24. Re3 Rad8 25. Qg4 Bb7 26. Rxd8 Rxd8 27. Qc4 Rd1+ 28. Kh2 Rd4 29. Qc3 Bg5 30. Re2 Bf4+ 31. g3 Qc6 32. f3 Qxf3 33. Qxf3 Bxf3 34. Re1 Rd2+ 35. Kg1 Bxg3 36. Rb1 Rxc2 37. Bxc5 Rxc5 38. b4 Rc2 39. b5 Ra2 40. b6 Bh2+ 41. Kf1 Bg2+ 42. Ke1 Bg3+ 43. Kd1 Bf3+ 44. Kc1 Bf4# 0-1